La Nueva modalidad de la expansión capitalista /
Furkejuvvon:
| Váldodahkki: | |
|---|---|
| Materiálatiipa: | Texto |
| Fáttát: | |
| Fáddágilkorat: |
Lasit fáddágilkoriid
Eai fáddágilkorat, Lasit vuosttaš fáddágilkora!
|
MARC
| LEADER | 00000 a a2200000 04500 | ||
|---|---|---|---|
| 001 | 5350 | ||
| 003 | |||
| 040 | |||
| 100 | |a Ornelas Delgado, Jaime | ||
| 245 | |a La Nueva modalidad de la expansión capitalista / |c Jaime Ornelas Delgado | ||
| 650 | |a CAPITALISMO | ||
| 650 | |a MERCADOS FINANCIEROS | ||
| 650 | |a INVERSIONES | ||
| 650 | |a PRODUCCION | ||
| 773 | |g número 325; páginas 101-110 | ||
| 999 | |c 22614 |d 22614 | ||
